| 000 | 00969nam a2200289 i 4500 | ||
|---|---|---|---|
| 003 | DO-SdBNP | ||
| 005 | 20250722082040.0 | ||
| 007 | ta | ||
| 008 | 240320b2009 dr ||||| |||| 00| 0 spa d | ||
| 040 |
_aDO-SdBNP _bspa _cBNPHU _erda |
||
| 082 | 4 |
_bR426L _222 |
|
| 110 | 1 |
_aRepública Dominicana. _9447 |
|
| 240 | 1 | 2 | _a[Leyes, etc.] |
| 245 | 1 | 0 |
_aLey No. 479-08 : _bley general de las sociedades comerciales y empresas individuales de responsabilidad limitada |
| 264 | 1 |
_aSanto Domingo : _bCentenario, _c2009. |
|
| 300 |
_a237 paginas ; _c23 cm. |
||
| 336 |
_atexto _btxt _2rdacontent |
||
| 337 |
_asin mediación _bn _2rdamedia |
||
| 338 |
_avolumen _bnc _2rdacarrier |
||
| 590 | _aInventariado, 2024/DG | ||
| 650 | 4 |
_aDerecho comercial _zRepública Dominicana _914449 |
|
| 650 | 4 |
_aSociedades comerciales _xLegislación _95941 |
|
| 650 | 4 |
_aCompañías _xLegislación _930887 |
|
| 651 | 4 |
_aRepública Dominicana _xLey 479-08 _910079 |
|
| 910 | _aDG | ||
| 942 |
_2ddc _cLBS1 |
||
| 999 |
_c56158 _d56158 |
||